Movie Quotes Quiz Stats

Quiz not verified by Sporcle

Challenge
Share
Tweet
Embed
Score 0/20 Timer 06:00
0 Plays Today
Quote Movie % Correct
'But what about second breakfast?'Lord of the Rings: Fellowship of the Ring
59.9%
'Merman!'Zoolander
49.2%
'Boo, you wh0re'Mean Girls
47.2%
'You have an absolutely breathtaking hiney. I'm mean, that thing is good.'Anchorman
46.8%
'I am Jack's total lack of surprise'Fight Club
45.2%
'Grizzly Adams did have a beard'Happy Gilmore
36.9%
'You think we need one more? You think we need one more. Alright, we'll get one more.'Ocean's 11
35.7%
'If it's not Baroque, don't fix it!'Beauty and the Beast
20.6%
'You tell me when I'm being an arrogant son of a bitch and I tell you when you're being a pain in the ass!'The Notebook
18.7%
'Or, to save on postage, I'll just poison him with this!'The Emperor's New Groove
16.7%
Quote Movie % Correct
'I'll teach you anything, just don't eat me.'The Longest Yard
15.9%
'Devil Child! Devil Child!'Hairspray
11.5%
'The question is why, why would he do that? Because he's a lummox, isn't he? Well, we shall have a magnificent garden party and you're not invited'Pirates of the Caribbean: At World's End
8.7%
'Beckham does it all the time'She's the Man
8.3%
'It's Private Doberman. He's the one who looks sort of human'Sgt. Bilko
6%
'At first I thought, 'A trip around the world might be nice' but then I thought, 'Well, there must be someplace better to go.''The Sound of Music
6%
'When I was ten years old, I weighed 200 pounds'American Dreamz
5.6%
'I had a heart... warming dream about you!'Return to Me
4%
'You what? You'll leave me? Is that a threat or a promise?'Revolutionary Road
3.6%
'Do it, Janet!'The Kid
3.6%

You're not logged in!

Compare scores with friends on all Sporcle quizzes.
Sign Up with Email
OR
Log In

You Might Also Like...

Show Comments

Extras

Top Quizzes Today


Score Distribution

Your Account Isn't Verified!

In order to create a playlist on Sporcle, you need to verify the email address you used during registration. Go to your Sporcle Settings to finish the process.